000 00694nam a2200193 i 4500
001 29427
003 ES-MaACL
005 20230909063106.0
007 t|
008 030121s1941 sp ||||1| spa d
100 1 _aBallesteros Beretta, Antonio,
_d1880-1949
_925050
245 1 0 _aEnsayos históricos
_b: (de los tiempos de Isabel y Fernando) /
_cAntonio Ballesteros Beretta y M. Gaibrois.
260 _aMadrid :
_bEdics. Históricas,
_c1941.
300 _a147 p. ;
_c19 cm.
651 _aEspaña-
_xHistoria-
_y1474-1516, Reyes Católicos.
_98222
700 1 _aGaibrois de Ballesteros, Mercedes,
_d1891-1960
_953243
852 _aES-MaACL
_jE-4172
_bR.18915
999 _c29427
_d29427